[Event "SVK-ch U12"]
[Site "Liptovsky Mikulas"]
[Date "2019.04.27"]
[Round "6"]
[White "Devera, Matus"]
[Black "Volanek, Maros"]
[Result "0-1"]
[WhiteElo "1000"]
[BlackElo "1266"]
[PlyCount "66"]
[EventDate "2019.04.23"]
[EventType "swiss"]
[EventRounds "9"]
[EventCountry "SVK"]
[SourceTitle "CBM 190 Extra"]
[Source "ChessBase"]
[SourceDate "2019.07.15"]
[SourceVersion "1"]
[SourceVersionDate "2019.07.15"]
[SourceQuality "1"]

1. e4 e5 2. Nf3 Nf6 3. Nc3 Nc6 4. Bb5 Nd4 5. d3 Bb4 6. Bd2 Bxc3 7. Bxc3 Nxb5 8. Bxe5 d6 9. Bc3 Nxc3 10. bxc3 Bg4 11. 0-0 0-0 12. h3 Bh5 13. Re1 Re8 14. c4 h6 15. Qe2 Qd7 16. Qe3 Bxf3 17. Qxf3 Qa4 18. Rec1 Re5 19. Qe2 d5 20. f3 dxc4 21. dxc4 Rc5 22. Rcb1 b6 23. Rc1 Qxc4 24. Qd2 Qe6 25. Kh1 Ra5 26. a3 Qd6 27. Qe3 Qc5 28. Qd3 Re8 29. Ra2 Qd6 30. Qc4 Rxa3 31. Rxa3 Qxa3 32. Rd1 c5 33. g4 Qxf3+ 0-1